Gaming Quiz

Random Gaming or Show Quiz

Find South Park's Video Gaming References Quiz Stats

 Plays Quiz not verified by Sporcle

Score 0/16 Timer 03:00
8 Plays Today
% Correct
Guitar Hero
92.8%
FarmVille
91.5%
World of Warcraft
91.5%
Nintendo Wii
91.4%
Tiger Woods PGA Tour
91.2%
Cross Country Cruiser
91.2%
Heaven & Hell
90.6%
Minecraft
90%
% Correct
CoD: World at War
89.3%
Chinpokomon
88.9%
Settlers of Catan
84.6%
Terrance & Phillip Freemium Game
79.5%
Colecovision
78.9%
Okama Gamesphere
78.4%
Oculus Rift Headset
76.8%
Rock Band
73.7%

You're not logged in!

Compare scores with friends on all Sporcle quizzes.
OR
Log In

Show Comments

Extras

Top Quizzes Today


Score Distribution

Your Account Isn't Verified!

In order to create a playlist on Sporcle, you need to verify the email address you used during registration. Go to your Sporcle Settings to finish the process.

Report this User

Report this user for behavior that violates our Community Guidelines.

Details: